| 000 | nam a22 a 4500 | ||
|---|---|---|---|
| 999 |
_c184992 _d184992 |
||
| 003 | BLK | ||
| 005 | 20230208095048.0 | ||
| 008 | 180411b bul|||||r ||||||| ||bul|| | ||
| 010 | _aKNG00193969000 | ||
| 040 | _aBLK | ||
| 041 |
_aBUL _cBUL |
||
| 080 |
_aТенис на маса _b796.386 _x(035) _z796.386(035) |
||
| 100 | 1 |
_aДряновски, Йото Иванов _eпърви автор _9337425 |
|
| 139 |
_aДряновски, Йото Иванов и др. _bД 91 |
||
| 245 | 1 | 0 |
_aДа играем тенис на маса _bРъководство _cЙото Иванов Дряновски, Исак Коен. |
| 257 | _aBGR | ||
| 260 |
_bМедицина и физкултура _c1986 _f(Пловдив : Д. Благоев) _aСофия |
||
| 300 |
_a120 с. _bс ил. _c20 см |
||
| 380 | _a79 | ||
| 490 |
_aЗа младия спортист _9201620 |
||
| 500 | _a5 817 тир. | ||
| 650 | 4 |
_aТенис на маса - наръчници и ръководства _9337813 |
|
| 700 | 1 |
_aКоен, Исак _eсъавт. _9343686 |
|
| 852 |
_aЦб 143280 _bЦб |
||
| 942 |
_cKNG _n0 _s1 |
||
| 944 |
_aCR _c20.10.2016 _kКети_Илиева |
||
| 944 |
_aED _c2023-02-08 _kРенета Константинова |
||